000 00609nam a2200241Ia 4500
003 OSt
005 20220928121009.0
006 a|||||r|||| 00| 0
007 ta
008 220927b |||||||| |||| 00| 0 eng d
024 _a93371
037 _cTextual
040 _aSDCL
_cSDCL
_beng
041 _2eng
_aeng
082 _aX9oaY, L5
100 _aSteiner George A
_9451452
245 0 _aBusiness and society.
250 _a2
260 _aNew York
_b Random House
_c1975
300 _axii,611p
_ccm.
942 _hX9oaY, L5
_cTEXL
_2CC
999 _c765508
_d765508